|
|
|
|
| LEADER |
00000naa2a2200000 4500 |
| 001 |
532324 |
| 005 |
20231101112859.0 |
| 035 |
|
|
|a (RuTPU)RU\TPU\prd\218940
|
| 035 |
|
|
|a RU\TPU\prd\218937
|
| 090 |
|
|
|a 532324
|
| 100 |
|
|
|a 20140428a1973 k y0rusy50 ca
|
| 101 |
0 |
|
|a rus
|
| 102 |
|
|
|a RU
|
| 200 |
1 |
|
|a Влияние электрического поля и некоторых геометрических факторов на срок службы полиэтиленовой изоляции
|f В. Ф. Важов, В. С. Дмитриевский, В. Г. Сотников
|
| 320 |
|
|
|a Библиогр.: с. 89 (7 назв.)
|
| 461 |
|
0 |
|0 (RuTPU)RU\TPU\prd\1069
|t Электронная обработка материалов
|o научный и производственно-технический журнал
|f Академия наук республики Молдова ; Институт прикладной физики
|d 1965-1993
|
| 463 |
|
0 |
|0 (RuTPU)RU\TPU\prd\42191
|t № 3
|v С. 87-89
|d 1973
|
| 610 |
1 |
|
|a труды учёных ТПУ
|
| 700 |
|
1 |
|a Важов
|b В. Ф.
|c специалист в области энергетики
|c доцент Томского политехнического университета, кандидат технических наук
|f 1939-
|g Владислав Фёдорович
|2 stltpush
|3 (RuTPU)RU\TPU\pers\26506
|
| 701 |
|
1 |
|a Дмитриевский
|b В. С.
|c российский электротехник
|c доцент Томского политехнического института
|f 1927-
|g Виктор Сергеевич
|2 stltpush
|3 (RuTPU)RU\TPU\pers\12388
|
| 701 |
|
1 |
|a Сотников
|b В. Г.
|
| 801 |
|
1 |
|a RU
|b 63413507
|c 20140428
|
| 801 |
|
2 |
|a RU
|b 63413507
|c 20140428
|g RCR
|
| 942 |
|
|
|c BK
|